书目信息 |
| 题名: |
这些都是你给我的爱
|
|
| 作者: | 安东尼著 ;echo 绘 | |
| 分册: | 2 | |
| 出版信息: | 武汉 长江文艺出版社 2012.08 |
|
| 页数: | 241页 | |
| 开本: | 20cm | |
| 丛书名: | ||
| 单 册: | ||
| 中图分类: | I267 | |
| 科图分类: | ||
| 主题词: | 散文--中国 , 散文--作品综合集--中国 | |
| 电子资源: | ||
| ISBN: | 978-7-5354-5779-0 | |
| 000 | 01118nam0 2200241 450 | |
| 001 | 2438322919 | |
| 005 | 20241202104234.74 | |
| 010 | @a978-7-5354-5779-0@dCNY32.80 | |
| 100 | @a20241202d2012 km y0chiy0120 ea | |
| 101 | 0 | @achi |
| 102 | @aCN@b420000 | |
| 200 | 1 | @a这些都是你给我的爱@AZhe Xie Dou Shi Ni Gei Wo De Ai@e云治@h2@f安东尼著 ; echo绘@FAn Dong Ni Zhu;echo Hui |
| 210 | @a武汉@c长江文艺出版社@d2012.08 | |
| 215 | @a241页@d20cm | |
| 300 | @a在欧洲的一个寒冷的小镇上家家都烧制陶瓷, 兔子先生安东尼是这个小镇上唯一一个还没有任何作品的人, 终于有一天安东尼的作品出来的消息在小镇上传开了, 热情的村民凑到他家要看看究竟, 原来他烧制出来的是一颗釉质红心, 善良的村民问安东尼这个红心能拿来做什么呢?安东尼决定第二天就离开小镇去旅行, 带着他的作品 — — 这颗心, 安东尼开始了流浪, 在旅途中, 安东尼结识了很多人, 慢慢地, 他明白了一些关于这颗红心的“爱 ” 的含义 … … | |
| 517 | 1 | @a云治@AYun Zhi |
| 606 | 0 | @a散文@x中国 |
| 606 | 0 | @a散文@x作品综合集@x中国 |
| 690 | @aI267@v4 | |
| 701 | 0 | @a安东尼著@AAn Dong Ni Zhu |
| 702 | 0 | @aecho@4绘 |
| 801 | 0 | @aCN@b河南城建学院图书馆@c20241202 |
| 905 | @dI267@eA4922 | |
| 这些都是你给我的爱:云治.2/安东尼著 ; echo绘.-武汉:长江文艺出版社,2012.08 |
| 241页;20cm |
| 在欧洲的一个寒冷的小镇上家家都烧制陶瓷, 兔子先生安东尼是这个小镇上唯一一个还没有任何作品的人, 终于有一天安东尼的作品出来的消息在小镇上传开了, 热情的村民凑到他家要看看究竟, 原来他烧制出来的是一颗釉质红心, 善良的村民问安东尼这个红心能拿来做什么呢?安东尼决定第二天就离开小镇去旅行, 带着他的作品 — — 这颗心, 安东尼开始了流浪, 在旅途中, 安东尼结识了很多人, 慢慢地, 他明白了一些关于这颗红心的“爱 ” 的含义 … … |
| ISBN 978-7-5354-5779-0:CNY32.80 |
| ● |
| 相关链接 |
|
|
|
正题名:这些都是你给我的爱
索取号:I267/A4922
 
预约/预借
| 序号 | 登录号 | 条形码 | 馆藏地/架位号 | 状态 | 备注 |
| 1 | 0719222 | 207192223 | 文学库108/116文学库 2排5列1层/ [索取号:I267/A4922] | 在馆 |